Statistics for Estonia Trivia

Click here to take the quiz!

General Stats

  • This quiz has been taken 81 times
  • The average score is 7 of 13

Answer Stats

HintAnswer% Correct
Whats Estonias capital?Tallin
99%
True or False? Estonia lost 25%of their population is WWII?True
89%
What video chat app was invented in Estonia?Skype
85%
What year did Estonia become part of the EU (European Union)?2004
83%
Despite being Baltic Estonians identify themselves as what?Nordic
63%
What is their dialing code?372
58%
Estonian Parents are given how much of their salary 18 months after birth?100%
52%
75.5% of Estonia are what Religion?Atheist
51%
Whats Estonias real name?Republic Of Estonia
46%
Whats the largest lake in Estonia?Lake Peipus
42%
52 Percent of Estonia is what?Forests
23%
How maany islands are there in Estonia approxametly?1500
18%
Estonia is ranked where in press freedom?3rd
6%

Score Distribution

Percentile by Number Answered

Percent of People with Each Score

Your Score History

You have not taken this quiz